ARRUPE JESUIT UNIVERSITY

CORONAVIRUS -STOP THE SPREAD - CLEAN,DISINFECT,COVER

The roots of Christian freedom : (Record no. 117958)

MARC details
000 -LEADER
fixed length control field 00794cam a2200241 a 4500
001 - CONTROL NUMBER
control field 1500316
003 - CONTROL NUMBER IDENTIFIER
control field ARRUPE
005 - DATE AND TIME OF LATEST TRANSACTION
control field 20130924130256.0
008 - FIXED-LENGTH DATA ELEMENTS--GENERAL INFORMATION
fixed length control field 891205s1988 enk 001 0deng
010 ## - LIBRARY OF CONGRESS CONTROL NUMBER
LC control number 88171584
020 ## - INTERNATIONAL STANDARD BOOK NUMBER
International Standard Book Number 0281043388 :
Terms of availability £8.95
040 ## - CATALOGING SOURCE
Original cataloging agency DLC
Transcribing agency DLC
Modifying agency DLC
050 00 - LIBRARY OF CONGRESS CALL NUMBER
Classification number BX4705
Item number .R56.K26
300 ## - PHYSICAL DESCRIPTION
Dimensions 22 cm.
100 1# - MAIN ENTRY--PERSONAL NAME
Personal name Kee, Alistair,
Dates associated with a name 1937-
9 (RLIN) 923
245 14 - TITLE STATEMENT
Title The roots of Christian freedom :
Remainder of title the theology of John A.T. Robinson /
Statement of responsibility, etc Alistair Kee.
260 ## - PUBLICATION, DISTRIBUTION, ETC. (IMPRINT)
Place of publication, distribution, etc London :
Name of publisher, distributor, etc SPCK,
Date of publication, distribution, etc 1988.
300 ## - PHYSICAL DESCRIPTION
Extent xvi, 190 p. ;
500 ## - GENERAL NOTE
General note Includes indexes.
600 10 - SUBJECT ADDED ENTRY--PERSONAL NAME
Personal name Robinson, John A. T.
Fuller form of name (John Arthur Thomas),
Dates associated with a name 1919-1983.
9 (RLIN) 924
650 #0 - SUBJECT ADDED ENTRY--TOPICAL TERM
Topical term or geographic name as entry element Theology, Doctrinal
General subdivision History
Chronological subdivision 20th century.
9 (RLIN) 925
906 ## - LOCAL DATA ELEMENT F, LDF (RLIN)
a 7
b cbc
c orignew
d 3
e ncip
f 19
g y-gencatlg
942 ## - ADDED ENTRY ELEMENTS (KOHA)
Source of classification or shelving scheme Library of Congress Classification
Koha item type Monograph ( Printed materials)
Holdings
Withdrawn status Lost status Source of classification or shelving scheme Damaged status Not for loan Home library Current library Shelving location Date acquired Total Checkouts Full call number Barcode Date last seen Price effective from Koha item type
    Library of Congress Classification     ARRUPE LIBRARY ARRUPE LIBRARY Main Collection 24/09/2013   BX4705 .R56.K26 46409802 22/11/2017 24/09/2013 Monograph ( Printed materials)

 

Arrupe Library. PO Box MP320 Mt Pleasant, Harare, Zimbabwe
263 242 745411|librarian@aju.ac.zw